Goodman & Gilman's the pharmacological basis of therapeutics. (Record no. 8018)

MARC details
000 -LEADER
fixed length control field 01826cam a22004334a 4500
001 - CONTROL NUMBER
control field 12349322
003 - CONTROL NUMBER IDENTIFIER
control field OSt
005 - DATE AND TIME OF LATEST TRANSACTION
control field 20220830144945.0
008 - FIXED-LENGTH DATA ELEMENTS--GENERAL INFORMATION
fixed length control field 010316s2001 nyua b 001 0 eng
010 ## - LIBRARY OF CONGRESS CONTROL NUMBER
LC control number 2001030728
020 ## - INTERNATIONAL STANDARD BOOK NUMBER
International Standard Book Number 0071354697 (alk. paper)
020 ## - INTERNATIONAL STANDARD BOOK NUMBER
International Standard Book Number 0071124322 (International ed.)
035 ## - SYSTEM CONTROL NUMBER
System control number (DNLM)101090784
040 ## - CATALOGING SOURCE
Original cataloging agency DNLM/DLC
Transcribing agency DLC
Modifying agency DLC
042 ## - AUTHENTICATION CODE
Authentication code pcc
050 00 - LIBRARY OF CONGRESS CALL NUMBER
Classification number RM300
Item number .G644 2001
082 ## - DEWEY DECIMAL CLASSIFICATION NUMBER
Classification number QV 4
Item number G621j 2001
245 00 - TITLE STATEMENT
Title Goodman & Gilman's the pharmacological basis of therapeutics.
246 30 - VARYING FORM OF TITLE
Title proper/short title Pharmacological basis of therapeutics
246 3# - VARYING FORM OF TITLE
Title proper/short title Goodman and Gilman's the pharmacological basis of therapeutics
250 ## - EDITION STATEMENT
Edition statement 10th ed. /
Remainder of edition statement editors, Joel G. Hardman, Lee E. Limbird ; consulting editor, Alfred Goodman Gilman.
260 ## - PUBLICATION, DISTRIBUTION, ETC. (IMPRINT)
Place of publication, distribution, etc. New York :
Name of publisher, distributor, etc. McGraw-Hill,
Date of publication, distribution, etc. 2001.
300 ## - PHYSICAL DESCRIPTION
Extent xxvii, 2148 p. :
Other physical details ill. ;
Dimensions 26 cm.
504 ## - BIBLIOGRAPHY, ETC. NOTE
Bibliography, etc Includes bibliographical references and index.
650 #0 - SUBJECT ADDED ENTRY--TOPICAL TERM
Topical term or geographic name as entry element Pharmacology.
9 (RLIN) 357
650 #0 - SUBJECT ADDED ENTRY--TOPICAL TERM
Topical term or geographic name as entry element Chemotherapy.
9 (RLIN) 1629
650 12 - SUBJECT ADDED ENTRY--TOPICAL TERM
Topical term or geographic name as entry element Pharmacology.
9 (RLIN) 357
650 22 - SUBJECT ADDED ENTRY--TOPICAL TERM
Topical term or geographic name as entry element Drug Therapy.
9 (RLIN) 1631
700 1# - ADDED ENTRY--PERSONAL NAME
Personal name Goodman, Louis S.
Fuller form of name (Louis Sanford),
Dates associated with a name 1906-2000.
9 (RLIN) 16305
700 1# - ADDED ENTRY--PERSONAL NAME
Personal name Hardman, Joel G.
9 (RLIN) 16306
700 1# - ADDED ENTRY--PERSONAL NAME
Personal name Limbird, Lee E.
9 (RLIN) 16307
700 1# - ADDED ENTRY--PERSONAL NAME
Personal name Gilman, Alfred Goodman,
Dates associated with a name 1941-2015.
9 (RLIN) 16308
856 42 - ELECTRONIC LOCATION AND ACCESS
Materials specified Contributor biographical information
Uniform Resource Identifier http://www.loc.gov/catdir/bios/mh041/2001030728.html
856 42 - ELECTRONIC LOCATION AND ACCESS
Materials specified Publisher description
Uniform Resource Identifier http://www.loc.gov/catdir/description/mh021/2001030728.html
856 41 - ELECTRONIC LOCATION AND ACCESS
Materials specified Table of contents
Uniform Resource Identifier http://www.loc.gov/catdir/toc/mh021/2001030728.html
906 ## - LOCAL DATA ELEMENT F, LDF (RLIN)
a 7
b cbc
c orignew
d 1
e ocip
f 20
g y-gencatlg
942 ## - ADDED ENTRY ELEMENTS (KOHA)
Source of classification or shelving scheme Other/Generic Classification Scheme
Koha item type Open Shelf
Holdings
Withdrawn status Lost status Source of classification or shelving scheme Damaged status Not for loan Home library Current library Date acquired Source of acquisition Inventory number Total Checkouts Full call number Barcode Date last seen Date last checked out Price effective from Koha item type
    Other/Generic Classification Scheme     MUST Main Library MUST Main Library 30/08/2022 Donation 2011/34629 1 QV 4 G621j 2001 2022-7966 12/09/2022 30/08/2022 30/08/2022 Open Shelf